Top 10 populous cities that start with A - Statistics

General Stats
  • This quiz has been taken 16 times
  • The average score is 5 of 10
Answer Stats
Hint Answer % Correct
3,811,516 Alexandria
80%
2,757,729 Addis Ababa
73%
3,517,182 Ankara
73%
3,677,115 Abidjan
67%
1,963,264 Accra
67%
3,719,710 Ahmedabad
67%
1,977,663 Algiers
47%
2,000,900 Almaty
33%
2,015,483 Al Basrah al Qadimah
0%
2,065,597 Al Mawsil al Jadidah
0%
No matching quizzes found
Score Distribution
Percent of People with Each Score
Percentile by Number Answered
Your Score History
You have not taken this quiz